Reprezentacje z top 10 rankingu FIFA - nagła śmierć - Statystyki

Ogólne statystyki
  • Ten quiz został rozwiązany 362 razy
  • Średni wynik to 8 z 10
Answers on the Grid
Answers color-coded by a green-red scale on the quiz's grid according to % correct below.
Argentyna
Kolumbia
Hiszpania
Polska
Francja
Kanada
Meksyk
Włochy
Czechy
Belgia
Maroko
Brazylia
Korea Południowa
Niemcy
Turcja
Anglia
Dania
Urugwaj
Japonia
Holandia
Szwajcaria
Rumunia
Portuglia
Austria
 
Statystyki odpowiedzi
Odpowiedź % Poprawnych
Argentyna
99%
Francja
94%
Hiszpania
88%
Brazylia
84%
Anglia
80%
Niemcy
78%
Portuglia
78%
Włochy
77%
Holandia
72%
Belgia
64%
Nie znaleziono quizów pasujących do podanych kryteriów
Rozkład punktacji
Procent ludzi z każdym wynikiem
Percentyl według liczby udzielonych odpowiedzi
Twoja historia wyników
Nie rozwiązałeś tego quizu